000 00754nam a2200229Ii 4500
003 JO-AjNU
008 230605s9999||||xx |||||||||||||| ||und||
017 _a2005/6/1524
020 _a9957-19-007-5
040 _aJO-AjNU
_bara
_erda
_cJO-AjNU
041 _aara
050 1 4 _aDS36.88.N83 2005
100 3 _aالأسد، ناصر الدين و آخرون,
_eauthor
_924469
245 0 0 _aالنهوض العربي ومواكبة العصر
250 _aط1
264 3 1 _aعمان: مؤسسة عبد الحميد شومان، 2005
300 _a302ص
336 _atext
_btxt
_2rdacontent
337 _aunmediated
_bn
_2rdamedia
338 _avolume
_bnc
_2rdacarrier
650 4 _aالتطور الاجتماعي- البلاد العربية
_924470
999 _aA9017
_c12585
_d12585